000 00274nam a22001217a 4500
040 _cHS
082 _a630
100 _aឆេង លីណា
245 _aEnvironment បរិស្ថាន
260 _aRUA
_bឆេង លីណា
_c2007
300 _a34p;
942 _cKB
999 _c9893
_d9893